[Event "Asker-ch A"]
[Site "Asker"]
[Date "2018.04.16"]
[Round "6"]
[White "Larsen, Odd Ingolf"]
[Black "Moller, Thomas Erma"]
[Result "1/2-1/2"]
[WhiteElo "1413"]
[BlackElo "1144"]
[PlyCount "51"]
[EventDate "2018.02.19"]
[EventType "swiss"]
[EventRounds "9"]
[EventCountry "NOR"]
[SourceTitle "EXT 2023"]
[Source "ChessBase"]
[SourceDate "2022.10.05"]
[SourceVersion "1"]
[SourceVersionDate "2022.10.05"]
[SourceQuality "1"]

1. Nf3 Nf6 2. g3 d5 3. Bg2 c5 4. d4 e6 5. 0-0 Nc6 6. c3 Qb6 7. Qb3 Qxb3 8. axb3 cxd4 9. Rd1 dxc3 10. bxc3 b5 11. Nd4 Nxd4 12. Rxd4 Bc5 13. Rd1 0-0 14. c4 bxc4 15. bxc4 Bb7 16. Ba3 Rfc8 17. e3 Rc7 18. cxd5 Bxd5 19. Nc3 Bxg2 20. Kxg2 a6 21. Bxc5 Rxc5 22. Rxa6 Rac8 23. Nb1 h6 24. Ra2 Rc2 25. Rd2 Rxa2 26. Rxa2 1/2-1/2

[Event "Asker-ch A"]
[Site "Asker"]
[Date "2018.04.09"]
[Round "7"]
[White "Lovberget, Erik"]
[Black "Larsen, Odd Ingolf"]
[Result "1/2-1/2"]
[WhiteElo "1446"]
[BlackElo "1413"]
[PlyCount "42"]
[EventDate "2018.02.19"]
[EventType "swiss"]
[EventRounds "9"]
[EventCountry "NOR"]
[SourceTitle "EXT 2023"]
[Source "ChessBase"]
[SourceDate "2022.10.05"]
[SourceVersion "1"]
[SourceVersionDate "2022.10.05"]
[SourceQuality "1"]

1. e4 c6 2. d4 d5 3. Nc3 dxe4 4. Nxe4 Bf5 5. Ng3 Bg6 6. Nf3 Nd7 7. Bd3 Ngf6 8. Bd2 Bxd3 9. cxd3 e6 10. Qe2 Nd5 11. Nf5 Nf4 12. Nxg7+ Bxg7 13. Bxf4 Qa5+ 14. Bd2 Qd5 15. Qe4 Nf6 16. Qh4 h6 17. Bc3 Nd7 18. Qe4 0-0-0 19. b4 Nf6 20. Qf4 Qf5 21. Qxf5 exf5 1/2-1/2

[Event "Asker-ch A"]
[Site "Asker"]
[Date "2018.02.05"]
[Round "3"]
[White "Hall, Torstein"]
[Black "Larsen, Odd Ingolf"]
[Result "1-0"]
[WhiteElo "1648"]
[BlackElo "1413"]
[PlyCount "103"]
[EventDate "2018.02.19"]
[EventType "swiss"]
[EventRounds "9"]
[EventCountry "NOR"]
[SourceTitle "EXT 2023"]
[Source "ChessBase"]
[SourceDate "2022.10.05"]
[SourceVersion "1"]
[SourceVersionDate "2022.10.05"]
[SourceQuality "1"]

1. e4 c6 2. d4 d5 3. exd5 cxd5 4. c4 Nf6 5. Nc3 dxc4 6. Bxc4 e6 7. Nf3 Nc6 8. 0-0 Be7 9. Bg5 0-0 10. Rc1 a6 11. Re1 b5 12. Bb3 Bb7 13. Qe2 Nxd4 14. Nxd4 Qxd4 15. Red1 Qc5 16. Ne4 Qf5 17. Bxf6 Bxf6 18. Nd6 Bf3 19. gxf3 Qg5+ 20. Kh1 Be5 21. Ne4 Qf4 22. Ng3 h5 23. Qe3 h4 24. Qxf4 Bxf4 25. Ne4 Bxc1 26. Rxc1 Rfd8 27. Kg2 Rd4 28. Rc7 Kf8 29. Ng5 Re8 30. Rxf7+ Kg8 31. Ra7 Rd6 32. f4 Kf8 33. f5 Re7 34. Ra8+ Re8 35. Rxe8+ Kxe8 36. fxe6 Rd2 37. Nf7 a5 38. a4 Rxb2 39. Bd5 Ke7 40. axb5 Rxb5 41. Ba2 a4 42. Nh8 a3 43. Ng6+ Ke8 44. Kh3 Rb2 45. Bd5 Rc2 46. Bb3 a2 47. Ba4+ Kd8 48. e7+ Kc7 49. e8Q a1Q 50. Qd7+ Kb8 51. Qb5+ Kc7 52. Bxc2 1-0

[Event "Asker Autumn A"]
[Site "Asker"]
[Date "2017.12.04"]
[Round "9"]
[White "Larsen, Odd Ingolf"]
[Black "Erlendson, Audun"]
[Result "1/2-1/2"]
[WhiteElo "1446"]
[BlackElo "1445"]
[PlyCount "93"]
[EventDate "2017.08.28"]
[EventType "swiss"]
[EventRounds "9"]
[EventCountry "NOR"]
[SourceTitle "EXT 2024"]
[Source "ChessBase"]
[SourceDate "2023.10.10"]
[SourceVersion "1"]
[SourceVersionDate "2023.10.10"]
[SourceQuality "1"]

1. Nf3 d5 2. d4 Nf6 3. Bg5 e6 4. Bxf6 Qxf6 5. c3 c5 6. e3 c4 7. Be2 b5 8. Nbd2 Bd6 9. e4 dxe4 10. Nxe4 Qe7 11. Nxd6+ Qxd6 12. 0-0 Bb7 13. Re1 0-0 14. Ne5 Bd5 15. Bf3 f6 16. Bxd5 Qxd5 17. Nf3 Nd7 18. Qc2 f5 19. Rad1 Rae8 20. Ne5 Nf6 21. f3 Re7 22. a3 a5 23. Qd2 a4 24. Qg5 Qb7 25. h4 Nd5 26. Qg3 Rf6 27. Re2 f4 28. Qe1 Ne3 29. Rdd2 h5 30. Qb1 Nf5 31. Qe1 Qd5 32. Kh2 Ng3 33. Rf2 Re8 34. Qb1 Qd8 35. Qe1 Rh6 36. Kh3 Nf5 37. Rfe2 Ne3 38. Qf2 Nf5 39. Re4 Ng3 40. Rxf4 Nf5 41. Re2 g5 42. hxg5 Qxg5 43. Ree4 Nd6 44. Qh4 Qxh4+ 45. Kxh4 Nxe4 46. fxe4 Re7 47. g3 1/2-1/2

[Event "Asker Autumn A"]
[Site "Asker"]
[Date "2016.10.31"]
[Round "6"]
[White "Larsen, Odd Ingolf"]
[Black "Wilhelmsen, Fredrik"]
[Result "0-1"]
[WhiteElo "1358"]
[BlackElo "1556"]
[PlyCount "134"]
[EventDate "2016.08.29"]
[EventType "swiss"]
[EventRounds "9"]
[EventCountry "NOR"]
[SourceTitle "EXT 2024"]
[Source "ChessBase"]
[SourceDate "2023.10.10"]
[SourceVersion "1"]
[SourceVersionDate "2023.10.10"]
[SourceQuality "1"]

1. c4 e5 2. Nc3 Nf6 3. g3 c6 4. Bg2 d5 5. cxd5 cxd5 6. d3 d4 7. Ne4 Qb6 8. Qc2 Bd7 9. f4 Bb4+ 10. Kf1 Nxe4 11. Bxe4 Nc6 12. Nf3 Rc8 13. Qd1 f6 14. a3 Be7 15. Bd5 Bh3+ 16. Kf2 Rd8 17. Bxc6+ Qxc6 18. Rg1 Bd6 19. fxe5 fxe5 20. Ng5 0-0+ 21. Ke1 Qd7 22. Ne4 Bg4 23. Bg5 Be7 24. Rc1 h6 25. Bxe7 Qxe7 26. Rf1 Rxf1+ 27. Kxf1 Rf8+ 28. Kg2 Qf7 29. Qf1 Qxf1+ 30. Rxf1 Bh3+ 31. Kxh3 Rxf1 32. Kg2 Rb1 33. b4 Rb3 34. Nc5 Rxa3 35. Nxb7 Rb3 36. Kf3 Rxb4 37. Nd6 Rb6 38. Nc4 Re6 39. Ke4 Kf8 40. Nxe5 a5 41. Kxd4 Ke7 42. e3 a4 43. Nc4 Ra6 44. Na3 Rb6 45. Kc4 Rb3 46. Nc2 Kd6 47. d4 Rb8 48. Na3 Re8 49. Nc2 Rc8+ 50. Kd3 Kc6 51. Na3 Rb8 52. Kc4 Rf8 53. e4 Rf2 54. e5 Rxh2 55. d5+ Kd7 56. Kb4 Rd2 57. d6 Rd4+ 58. Kc5 Rd3 59. Kb4 Rxg3 60. Kxa4 Re3 61. Nc4 Re1 62. Kb5 Rd1 63. Nb6+ Ke6 64. Nc4 g5 65. Kc6 Rc1 66. Kc5 g4 67. Kd4 Rxc4+ 0-1

[Event "Asker Host A"]
[Site "Asker"]
[Date "2015.10.26"]
[Round "6"]
[White "Larsen, Odd Ingolf"]
[Black "Grondahl, David A"]
[Result "0-1"]
[WhiteElo "1179"]
[BlackElo "1533"]
[PlyCount "80"]
[EventDate "2015.09.21"]
[EventType "swiss"]
[EventRounds "9"]
[EventCountry "NOR"]
[SourceTitle "EXT 2023"]
[Source "ChessBase"]
[SourceDate "2022.10.05"]
[SourceVersion "1"]
[SourceVersionDate "2022.10.05"]
[SourceQuality "1"]

1. Nf3 Nf6 2. c4 c5 3. Nc3 g6 4. e3 d6 5. d4 b6 6. Be2 Bg7 7. 0-0 0-0 8. d5 Nbd7 9. Qc2 a6 10. a4 Ne8 11. b3 Ne5 12. Bb2 Nxf3+ 13. Bxf3 Rb8 14. Be2 Bd7 15. Ra2 Rb7 16. e4 e5 17. Rfa1 Nc7 18. Bc1 f5 19. f3 f4 20. a5 b5 21. cxb5 Bxb5 22. Bxb5 Nxb5 23. Nxb5 Rxb5 24. Bd2 Qb8 25. Rb1 Rc8 26. Qc4 Bf6 27. Ra3 Rc7 28. Qa4 Rcb7 29. Be1 g5 30. Qc4 Bd8 31. h3 Bc7 32. Bd2 Qd8 33. Rba1 h5 34. Be1 Qc8 35. R1a2 Bd8 36. b4 Rb8 37. bxc5 Rxc5 38. Qe2 Rb1 39. Kf2 Rcc1 40. Bd2 Qc5+ 0-1